| 000 | 01061nac a22003251u 4500 | ||
|---|---|---|---|
| 003 | EG-ScBUE | ||
| 005 | 20220705104350.0 | ||
| 008 | 130108r20081997enka f 000 0 eng d | ||
| 020 | _a0194228487 | ||
| 020 | _a9780194228480 | ||
| 040 |
_aEG-ScBUE _beng _erda _cEG-ScBUE _dEG-ScBUE |
||
| 082 | 0 | 4 |
_a428.6 _bMAG _222 |
| 100 | 1 |
_aMaguire, Jackie, _d1959-2007, _eauthor. _931786 |
|
| 245 | 1 | 0 |
_aSeasons and celebrations / _cJackie Maguire. |
| 250 | _aReprinted edition. | ||
| 264 | 1 |
_aOxford : _bOxford University Press, _c2008. |
|
| 300 |
_a22 pages : _bcolor illustrations ; _c21 cm. |
||
| 336 |
_2rdacontent _atext _btxt |
||
| 337 |
_2rdamedia _aunmediated _bn |
||
| 338 |
_2rdacarrier _avolume _bnc |
||
| 490 | 0 | _aFact files | |
| 490 | 0 |
_aOxford book worms ; _v2 |
|
| 650 | 7 |
_aReaders (Adult) _931788 _2BUEsh |
|
| 650 | 7 |
_aEnglish language _vTextbooks for foreign speakers. _2BUEsh |
|
| 650 | 7 |
_aReading comprehension _vProblems, exercises, etc. _2BUEsh |
|
| 651 | _2BUEsh | ||
| 653 | _bHHUUEENN | ||
| 655 |
_vReading book _934232 |
||
| 942 |
_cBB _2ddc |
||
| 999 |
_c2330 _d2330 |
||